UBT Library

Financial accounting / (Record no. 44495)

000 -LEADER
fixed length control field 00677cam a2200229 a 4500
001 - CONTROL NUMBER
control field 17050242
005 - DATE AND TIME OF LATEST TRANSACTION
control field 20180308081754.0
008 - FIXED-LENGTH DATA ELEMENTS--GENERAL INFORMATION
fixed length control field 111118s2013 maua 001 0 eng
010 ## - LIBRARY OF CONGRESS CONTROL NUMBER
LC control number 2011046912
020 ## - INTERNATIONAL STANDARD BOOK NUMBER
International Standard Book Number 9780132751124
040 ## - CATALOGING SOURCE
Original cataloging agency DLC
Transcribing agency DLC
Modifying agency DLC
041 ## - LANGUAGE CODE
Language code of text/sound track or separate title eng
042 ## - AUTHENTICATION CODE
Authentication code pcc
080 ## - UNIVERSAL DECIMAL CLASSIFICATION NUMBER
Universal Decimal Classification number 657 WAL
082 00 - DEWEY DECIMAL CLASSIFICATION NUMBER
Classification number 657 WAL
Edition number 23
100 1# - Rafti
Rafti 56
101 ## - Shkurtesa
Shkurtesa FI N
245 10 - TITLE STATEMENT
Title Financial accounting /
Statement of responsibility, etc Walter T. Harrison Jr., Charles T. Horngren, C. William (Bill) Thomas.
906 ## - LOCAL DATA ELEMENT F, LDF (RLIN)
a 7
b cbc
c orignew
d 1
e ecip
f 20
g y-gencatlg
942 ## - ADDED ENTRY ELEMENTS (KOHA)
Source of classification or shelving scheme
Item type Books

No items available.

UBT Library © 2015-2024. All rights reserved University Education for Business and Technology